000 01166pam a2200373 i 4500
999 _c271
_d271
001 019535782
003 UkOxU
005 20190805091348.0
008 121206s2012 enka 001 0 eng d
015 _aGBB2C5175
_2bnb
020 _a9781409562504 (paperback)
035 _a(Uk)016229608
040 _aStDuBDS
_beng
_cStDuBDS
_dUk
_erda
041 0 _aeng
_afre
042 _aukblsr
082 0 4 _a448.242 DAY
_223
100 1 _aDaynes, Katie,
_eauthor.
245 1 0 _aEasy French /
_cKatie Daynes and Nicole Irving ; illustrated by Ann Johns ; edited by Jane Chisholm.
264 1 _aLondon :
_bUsborne,
_c2012.
300 _a128 pages :
_billustrations (colour) ;
_c21 cm
336 _atext
_2rdacontent
337 _aunmediated
_2rdamedia
338 _avolume
_2rdacarrier
490 _aUsborne
500 _aIncludes index.
500 _aFormerly CIP.
_5Uk
650 0 _aFrench language
_vTextbooks for foreign speakers
_xEnglish.
650 0 _aFrench language
_xGrammar.
700 1 _aIrving, Nicole,
_eauthor.
700 1 _aJohns, Ann,
_eillustrator.
700 1 _aChisholm, Jane
_eeditor.
942 _2ddc
_cNFIC